Statistics for Historical Figures by Letter - O

Click here to take the quiz!

General Stats

  • This quiz has been taken 170 times
  • The average score is 10 of 20

Answer Stats

HintFigure% Correct
First black U.S. PresidentBarack Obama
99%
"1984" and "Animal Farm" authorGeorge Orwell
94%
Japanese wife of John LennonYoko Ono
91%
Assassin of John F. KennedyLee Harvey
Oswald
88%
"Father" of the A-bombJ. Robert
Oppenheimer
85%
Shipping magnate who married
Jackie Kennedy
Aristotle
Onassis
83%
Olympian who stuck it to Hitler
by winning 4 gold medals
Jesse Owens
80%
Birth name of emperor AugustusGaius Octavius
65%
Often considered the first
Holy Roman Emperor
Otto I
61%
He wrote "Metamorphoses"Ovid
60%
Actor who depicted
Winston Churchill in "Darkest Hour"
Gary Oldman
43%
Hungarian PM who has been
undermining democracy
Viktor Orbán
42%
Founder of the Ottoman EmpireOsman I
31%
American painter of flowersGeorgia O'Keeffe
30%
19th century Irish leader
known as "The Liberator"
Daniel
O'Connell
16%
NFL player depicted in
"The Blind Side"
Michael Oher
16%
King of Sweden, 1872–1907Oscar II
15%
Founder of ZaraAmancio Ortega
11%
Benjamin Netanyahu's predecessorEhud Olmert
10%
Successor of the aboveOrhan I
6%

Score Distribution

Percentile by Number Answered

Percent of People with Each Score

Your Score History

You have not taken this quiz